000 00465nam a22001697a 4500
005 20251108165437.0
008 250721s2000 xx 000 0 ara d
082 1 4 _a415.13/فلي
100 1 _aفليح، أحمد
245 1 0 _aحروف الجر و معانيها /
264 1 _aاربد :
_bالمركز القومي،
_c2000.
300 _a158ص
650 1 7 _aاللغة العربية
650 1 7 _aحروف الجر
942 _2ddc
_cBK
999 _c28056
_d28056